Представление документа в формате MARC21

Поле Инд. ПП Название Значение
Тип записи a
Библиографический уровень m
001 Контрольный номер 15d67913-87ec-471a-a9a8-8631ce17911b
005 Дата корректировки 20140226124623.9
008 Кодируемые данные 000713 d
020 a ISBN 5-7310-0360-2
c Цена, тираж 419.00
080 a Индекс УДК 681.322-181.4.06(075.8)
084 a Индекс другой классификации/Индекс ББК У.с51я731-1
a Индекс другой классификации/Индекс ББК З973.23-018.2я731-1
090 c Каталожный индекс У.с51я731-1 + З973.23-018.2я731-1
x Авторский знак Б76
a Полочн. индекс У.с51
100 1_ a Автор Божикова Елена Алексеевна
245 00 a Заглавие Применение пакета прикладных программ Quattro Pro 4.0 в экономике
b Продолж. заглавия Учеб. пособие : (5 уроков самоучителя)
260 0_ a Место издания СПб.
b Издательство Изд-во Санкт-Петербург. ун-та экономики и финансов
c Дата издания 1994
300 a Объем 90 с.
b Иллюстрации/ тип воспроизводства ил
650 a Основная рубрика Экономическая информация
x Основная подрубрика Обработка автоматизированная
650 a Основная рубрика Пакеты прикладных программ
650 a Основная рубрика Компьютеры
x Основная подрубрика Применение в экономике
x Основная подрубрика Учебники для вузов
653 a Ключевые слова Компьютеры в экономике
a Ключевые слова Экономическая информация
a Ключевые слова Пакеты прикладных программ
a Ключевые слова Учебники
700 1_ a Другие авторы Юкелис Юрий Исаакович
852 t Порядковый номер экземпляра 1
p Инвентарный номер 661841
863 t 00033714
930 a Новая/Ретро Учебники
952 c Вид литературы К ру
954 a Дата поступления на обработку 31.10.95
999 a Подразделение 2 Фил1